000 00588cam a2200193 a 4500
001 000018474
005 20200929165818.0
008 701120s1972 nyu 000 1 eng d
040 _aDO-SdBNP
_beng
_cLC
_dBNPHU
082 _a813.54
_bC345d
100 1 _aCassill, R. V.
_q(Ronald Verlin),
_d1919-2002.
_939972
245 1 0 _aDoctor Cobb's game /
_cR. V. Cassill.
260 _aNew York :
_bBantam Books,
_c1972.
300 _a532 p. ;
_c22 cm.
650 4 _aNovela estadounidense
_9262
650 4 _aLiteratura estadounidense
_9263
910 _aCatalogación derivada / LC
049 _aBNGR
999 _c17994
_d17994